Library Logo

Pioneer International University Library Catalogue

Emerging viruses : (Record no. 9085)

MARC details
000 -LEADER
fixed length control field 01033cam a2200289 a 4500
001 - CONTROL NUMBER
control field 4454601
003 - CONTROL NUMBER IDENTIFIER
control field OSt
005 - DATE AND TIME OF LATEST TRANSACTION
control field 20250901165755.0
008 - FIXED-LENGTH DATA ELEMENTS--GENERAL INFORMATION
fixed length control field 951102s1996 mauab b 001 0 eng
010 ## - LIBRARY OF CONGRESS CONTROL NUMBER
LC control number 95061123
020 ## - INTERNATIONAL STANDARD BOOK NUMBER
International Standard Book Number 0923550127
040 ## - CATALOGING SOURCE
Original cataloging agency DLC
Transcribing agency DLC
Modifying agency DLC
050 00 - LIBRARY OF CONGRESS CALL NUMBER
Classification number RA 644 .A25 H674 1996
Item number H674 1996
082 00 - DEWEY DECIMAL CLASSIFICATION NUMBER
Classification number 616.97/92071
Edition information 20
100 1# - MAIN ENTRY--PERSONAL NAME
Personal name Horowitz, Leonard G.
245 10 - TITLE STATEMENT
Title Emerging viruses :
Remainder of title AIDS and Ebola : nature, accident, or genocide? /
Statement of responsibility, etc. Leonard G. Horowitz.
250 ## - EDITION STATEMENT
Edition statement Limited ed.
260 ## - PUBLICATION, DISTRIBUTION, ETC.
Place of publication, distribution, etc. Rockport, MA :
Name of publisher, distributor, etc. Tetrahedron,
Date of publication, distribution, etc. c1996.
300 ## - PHYSICAL DESCRIPTION
Extent xxv, 544 p. :
Other physical details ill., maps ;
Dimensions 24 cm.
504 ## - BIBLIOGRAPHY, ETC. NOTE
Bibliography, etc. note Includes bibliographical references (p. [485]-523) and index.
650 #0 - SUBJECT ADDED ENTRY--TOPICAL TERM
Topical term or geographic name entry element AIDS (Disease)
General subdivision Etiology.
650 #0 - SUBJECT ADDED ENTRY--TOPICAL TERM
Topical term or geographic name entry element Ebola virus disease
General subdivision Etiology.
650 #0 - SUBJECT ADDED ENTRY--TOPICAL TERM
Topical term or geographic name entry element Biological weapons
General subdivision Research.
906 ## - LOCAL DATA ELEMENT F, LDF (RLIN)
a 7
b cbc
c orignew
d 2
e opcn
f 19
g y-gencatlg
942 ## - ADDED ENTRY ELEMENTS (KOHA)
Source of classification or shelving scheme Library of Congress Classification
Koha item type Books
Holdings
Withdrawn status Lost status Source of classification or shelving scheme Damaged status Not for loan Home library Current library Shelving location Date acquired Total checkouts Full call number Barcode Date last seen Price effective from Koha item type
    Library of Congress Classification     Main Library Main Library   11/07/2024   RA 644 .A25 H674 1996 PIU0008464 11/07/2024 11/07/2024 Books